000 00421nam a22001697a 4500
003 CEME
005 20210628210736.0
008 201229b xxu||||| |||| 00| 0 eng d
020 _a9789699878008
040 _cceme
082 _a363.348068 MEH
100 _aMehmood Ali Chudhary
_969241
245 _aAfaat ki pesh bandi
260 _aISLAMABAD
_bMUNZIL PUBLICATIONS
_c2014
300 _aXIX, 427P
942 _cBK
_2ddc
999 _c585674
_d585674